| 000 | 01140cam a22003134a 4500 | ||
|---|---|---|---|
| 999 |
_c3664 _d3664 |
||
| 001 | 12338706 | ||
| 003 | Nust | ||
| 005 | 20180117090011.0 | ||
| 008 | 010308s2001 dcu b 000 0 eng | ||
| 010 | _a 2001017950 | ||
| 020 | _a0821348620 (pbk.) | ||
| 040 |
_aDLC _cDLC _dDLC |
||
| 042 | _apcc | ||
| 050 | 0 | 0 |
_aHB501 _b.D423 2001 |
| 082 | 0 | 0 |
_a338.9 _221 |
| 245 | 0 | 0 |
_aDemocracy, market economics, and development : _ban Asian perspective / _cFarrukh Iqbal and Jong-Il You, editors. |
| 260 |
_aWashington, D.C. : _bWorld Bank, _cc2001. |
||
| 300 |
_axx, 180 p. ; _c23 cm. |
||
| 504 | _aIncludes bibliographical references. | ||
| 650 | 0 | _aCapitalism. | |
| 650 | 0 | _aDemocracy. | |
| 650 | 0 | _aEconomic development. | |
| 700 | 1 | _aIqbal, Farrukh. | |
| 700 | 1 |
_aYou, Jong-Il, _d1958- |
|
| 906 |
_a7 _bcbc _corignew _d1 _eocip _f19 _gy-gencatlg |
||
| 942 |
_2ddc _cBK |
||